书目信息 |
| 题名: |
气水冲洗滤池整体浇筑滤板可调式滤头技术规程
|
|
| 作者: | ;上海沪标工程建设咨询有限公司 主编 | |
| 分册: | ||
| 出版信息: | 上海 中国计划出版社 2005.06 |
|
| 页数: | 26页 | |
| 开本: | 20cm | |
| 丛书名: | 中国工程建设标准化协会标准 | |
| 单 册: | ||
| 中图分类: | T-652.2 , TU991.24-65 | |
| 科图分类: | ||
| 主题词: | 技术--ji shu--标准--中国 , 给水工程:市政工程 , 城市供水系统 | |
| 电子资源: | ||
| ISBN: | ||
| 000 | 01413nam 2200313 450 | |
| 001 | 012006867980 | |
| 005 | 20060911170224.34 | |
| 010 | @dCNY8.00 | |
| 091 | @a1580058.661 | |
| 100 | @a20060808d2005 km y0chiy0120 ea | |
| 101 | 0 | @achi |
| 102 | @aCN@b310000 | |
| 105 | @ay l 000yy | |
| 106 | @ar | |
| 200 | 1 | @a气水冲洗滤池整体浇筑滤板可调式滤头技术规程@Aqi shui chong xi lu chi zheng ti jiao zhu lu ban ke diao shi lu tou ji shu gui cheng@f上海沪标工程建设咨询有限公司主编@Fshang hai hu biao gong cheng jian she zi xun you xian gong si zhu bian |
| 210 | @a上海@c中国计划出版社@d2005.06 | |
| 215 | @a26页@d20cm | |
| 225 | 2 | @a中国工程建设标准化协会标准@Azhong guo gong cheng jian she biao zhun hua xie hui biao zhun |
| 300 | @a本标准标准号为 : CECS 178:2205 | |
| 330 | @a本规程是为规范气水冲洗滤池整体浇筑滤板可调式滤头的制作质量,统一设计标准和统一施工质量控制要求,使滤池配水系统达到技术先进、经济合理、安全可靠而制定。其内容主要包括:总则、术语、材料、设计、施工、施工质量检验及验收,并附条文说明。 | |
| 410 | 0 | @12001 @a中国工程建设标准化协会标准 |
| 606 | 0 | @a技术@Aji shu@x标准@y中国 |
| 606 | 0 | @a给水工程:市政工程 |
| 606 | 0 | @a城市供水系统 |
| 690 | @aT-652.2@v4 | |
| 690 | @aTU991.24-65@v3 | |
| 711 | 02 | @a上海沪标工程建设咨询有限公司@Ashang hai hu biao gong cheng jian she zi xun you xian gong si@4主编 |
| 801 | 0 | @aCN@bQSSK@c20060911 |
| 905 | @b599498-500@dTU991.24-65@eS210 | |
| 气水冲洗滤池整体浇筑滤板可调式滤头技术规程/上海沪标工程建设咨询有限公司主编.-上海:中国计划出版社,2005.06 |
| 26页;20cm.-(中国工程建设标准化协会标准) |
| 本标准标准号为 : CECS 178:2205 |
| ISBN :CNY8.00 |
| 本规程是为规范气水冲洗滤池整体浇筑滤板可调式滤头的制作质量,统一设计标准和统一施工质量控制要求,使滤池配水系统达到技术先进、经济合理、安全可靠而制定。其内容主要包括:总则、术语、材料、设计、施工、施工质量检验及验收,并附条文说明。 |
| ● |
| 相关链接 |
|
|
|
正题名:气水冲洗滤池整体浇筑滤板可调式滤头技术规
索取号:TU991.24-65/S210
 
预约/预借
| 序号 | 登录号 | 条形码 | 馆藏地/架位号 | 状态 | 备注 |
| 1 | 599498 | 205994986 | 建筑库201/201建筑库 133排1列5层/ [索取号:TU991.24-65/S210] | 在馆 | |
| 2 | 599499 | 205994995 | 建筑库201/201建筑库 133排1列5层/ [索取号:TU991.24-65/S210] | 在馆 | |
| 3 | 599500 | 205995002 | 建筑库201/201建筑库 133排1列5层/ [索取号:TU991.24-65/S210] | 在馆 |